000
00487nam a2200169Ia 4500
008
090711s9999 xx 000 0 und d
082
_b
1902
100
_a
रामपल्ले टि. के.
245
_a
आघात
260
_b
गौरी प्रकाशन
_c
2000
300
_a
160
600
_a
रामपल्ले टि. के.
630
_a
आघात
700
_a
रामपल्ले टि. के.
730
_a
आघात
942
_c
BOOK
999
_c
336924
_d
336924